Southville International School and Colleges
Your cart is empty.
  • Cart
  • Lists
    Public lists Eva Luna New books Lux_list list_1
    Your lists Log in to create your own lists
  • Log in to your account
  • Your cookies
  • Search history
Southville International School and Colleges
  • Advanced search
  • Recent comments
  • Most popular
  • Libraries

Log in to your account

Log in with GOOGLE


If you do not have an external account, but do have a local account, you can still log in:

  1. Home
  2. MARC view: New products management /
Normal view MARC view ISBD view

New products management / (Record no. 15686)

[ view plain ]
MARC details
000 -LEADER
fixed length control field 01245cam a22003374a 4500
001 - CONTROL NUMBER
control field 14990594
003 - CONTROL NUMBER IDENTIFIER
control field OSt
005 - DATE AND TIME OF LATEST TRANSACTION
control field 20140310182747.0
008 - FIXED-LENGTH DATA ELEMENTS--GENERAL INFORMATION
fixed length control field 070831s2008 maua b 001 0 eng
010 ## - LIBRARY OF CONGRESS CONTROL NUMBER
LC control number 2007036476
020 ## - INTERNATIONAL STANDARD BOOK NUMBER
International Standard Book Number 9780071263368
035 ## - SYSTEM CONTROL NUMBER
System control number (OCoLC)ocn169874129
035 ## - SYSTEM CONTROL NUMBER
System control number (OCoLC)169874129
Canceled/invalid control number (OCoLC)156810212
040 ## - CATALOGING SOURCE
Original cataloging agency DLC
Transcribing agency DLC
Modifying agency BTCTA
-- BAKER
-- C#P
-- YDXCP
-- BWX
-- DLC
050 00 - LIBRARY OF CONGRESS CALL NUMBER
Classification number HF 5415.153
Item number .C72 2008
082 00 - DEWEY DECIMAL CLASSIFICATION NUMBER
Classification number 658.5/75
-- 22
100 1# - MAIN ENTRY--PERSONAL NAME
Personal name Crawford, C. Merle
Fuller form of name (Charles Merle),
Dates associated with a name 1924-
245 10 - TITLE STATEMENT
Title New products management /
Statement of responsibility, etc Merle Crawford, Anthony Di Benedetto.
250 ## - EDITION STATEMENT
Edition statement 9th ed.
260 ## - PUBLICATION, DISTRIBUTION, ETC. (IMPRINT)
Place of publication, distribution, etc Boston :
Name of publisher, distributor, etc McGraw-Hill Irwin,
Date of publication, distribution, etc 2008.
300 ## - PHYSICAL DESCRIPTION
Extent xviii, 558 p. :
Other physical details ill. ;
Dimensions 24 cm.
521 ## - TARGET AUDIENCE NOTE
Target audience note
650 #0 - SUBJECT ADDED ENTRY--TOPICAL TERM
Topical term or geographic name as entry element New products
General subdivision Management.
700 1# - ADDED ENTRY--PERSONAL NAME
Personal name Di Benedetto, C. Anthony.
856 41 - ELECTRONIC LOCATION AND ACCESS
Materials specified Table of contents only
Uniform Resource Identifier <a href="http://www.loc.gov/catdir/enhancements/fy0743/2007036476-t.html">http://www.loc.gov/catdir/enhancements/fy0743/2007036476-t.html</a>
856 42 - ELECTRONIC LOCATION AND ACCESS
Materials specified Publisher description
Uniform Resource Identifier <a href="http://www.loc.gov/catdir/enhancements/fy0743/2007036476-d.html">http://www.loc.gov/catdir/enhancements/fy0743/2007036476-d.html</a>
906 ## - LOCAL DATA ELEMENT F, LDF (RLIN)
a 7
b cbc
c orignew
d 1
e ecip
f 20
g y-gencatlg
942 ## - ADDED ENTRY ELEMENTS (KOHA)
Source of classification or shelving scheme Library of Congress Classification
Koha item type Books
Call number prefix Foreign
Holdings
Withdrawn status Lost status Source of classification or shelving scheme Damaged status Home library Current library Shelving location Date acquired Total Checkouts Full call number Barcode Date last seen Copy number Price effective from Koha item type
    Library of Congress Classification   College Library College Library General Circulation Section 06/23/2012   HF 5415.153 .C72 2008 C15116 05/15/2018 1 03/10/2014 Books

New products management /

APA

Crawford C. M., Di Benedetto C. A., . (2008). New products management. Boston: McGraw-Hill Irwin.

Chicago

Crawford C Merle, Di Benedetto C Anthony, . 2008. New products management. Boston: McGraw-Hill Irwin.

Harvard

Crawford C. M., Di Benedetto C. A., . (2008). New products management. Boston: McGraw-Hill Irwin.

MLA

Crawford C Merle, Di Benedetto C Anthony, . New products management. Boston: McGraw-Hill Irwin. 2008.

  • Place hold
  • Print
  • Cite
  • Add to your cart (remove)
  • Save record
    BIBTEX Dublin Core MARCXML MARC (non-Unicode/MARC-8) MARC (Unicode/UTF-8) MARC (Unicode/UTF-8, Standard) MODS (XML) RIS
  • More searches
    Search for this title in:
    Other Libraries (WorldCat) Other Databases (Google Scholar) Online Stores (Bookfinder.com) Open Library (openlibrary.org)

Exporting to Dublin Core...

SOUTHVILLE LIBRARY

Southville International School and Colleges Library

1281 Tropical Ave. Cor. Luxembourg St., BF Homes International, Las Pinas City

Tel. No. 8256374 / 252358 Loc. 117/146

Powered by Koha